| 000 | 00000nam##2200000za#4500 |
| 001 | 9.697275 |
| 003 | CaOODSP |
| 005 | 20210624235416 |
| 007 | cr ||||||||||| |
| 008 | 150407|2000||||xxc|||||o f|0| 0 eng|d |
| 040 | |aCaOODSP|beng |
| 043 | |an-cn--- |
| 086 | 1 |aH21-305/2000E-PDF |
| 110 | 1 |aCanada.|bHealth Canada. |bOffice of Health and the Information Highway. |
| 245 | 10|aVision 2020 workshop on children's health care |h[electronic resource] |
| 260 | |aToronto - Ontario : |bHealth Canada. |cJanuary 24, 2000. |
| 300 | |a23p. |
| 590 | |a13-03-Supp|b2013-02-11 |
| 690 | 07|aTelehealth|2gcpds |
| 690 | 07|aChildren's health|2gcpds |
| 775 | 08|tAtelier Vision 2020 sur les soins de santé aux enfants |w(CaOODSP)9.641335 |
| 856 | 40|ahttp://publications.gc.ca|qPDF|s48 KB|uhttps://publications.gc.ca/collections/collection_2013/sc-hc/H21-305-2000-eng.pdf |